| 000 | 00813nam a2200241 a 4500 | ||
|---|---|---|---|
| 001 | 25083 | ||
| 003 | CO-ViMGA | ||
| 005 | 20230915232041.0 | ||
| 008 | 141112s2004 ck r 000 u spa d | ||
| 020 | _a9788426137838 | ||
| 040 |
_aCO-ViMGA _bspa _cCO-ViMGA |
||
| 090 | _aFERp | ||
| 100 | 1 |
_aFern, Tracey E. _91904 |
|
| 245 | 1 | 0 |
_aPippo el loco / _cTracey E. Fern ; ilustrado por Pau Estrada. |
| 260 |
_aBarcelona : _bEditorial Juventud, _c2010. |
||
| 300 | _a[42] p. : il. col. ; 30 cm. | ||
| 650 | 1 | 4 |
_aCuentos juveniles estadounidenses. _91905 |
| 650 | 1 | 4 |
_aLiteratura juvenil _9825 |
| 700 | 1 |
_aEstrada, Pau, il. _91906 |
|
| 942 |
_2ddc _cBK |
||
| 999 |
_c32717 _d32717 |
||